00719nam a2200217 i 4500001000300000245012800003250001200131260002100143650001400164650001500178650001300193655005000206700003700256700002500293040000800318041000800326080001300334080001600347008004100363856009700404bg 0aZbiór zadań z mechaniki ogólnej :bpraca zbiorowa.nT. 2,pKinematyka i dynamika /cpod red. J. Leyki i J. Szmeltera. aWyd. 5. aWarszawa,c1983. 9aMechanika 9aKinematyka 9aDynamika aĆwiczenia i zadania dla szkół wyższych1 aLeyko, Jerzyd(1918-1995).eRed.1 aSzmelter, Jan.eRed. cBPK apol a531.1/.3 a(075.8+076) s pl f |000 0 pol  uhttp://koha.tu.koszalin.pl/cgi-bin/koha/opac-detail.pl?biblionumber=3462yKatalog online BPK